Control de calidad en viviendas de uno y dos pisos.

Guardado en:
Bibliografiske detaljer
Hovedforfatter: Pereira Sevilla, Jairo
Format: Bog
Udgivet: San José, Costa Rica 1994
Fag:
Tags: Tilføj Tag
Ingen Tags, Vær først til at tagge denne postø!

MARC

LEADER 00000nam a2200000Ia 4500
003 007489
005 20221231144302.0
008 140114s1994 cr a m 000 ||s d
040 |c cru CEDI 
090 |a TFG 3185 
100 |a Pereira Sevilla, Jairo  |9 11212 
245 |a Control de calidad en viviendas de uno y dos pisos. 
260 |c 1994  |a San José, Costa Rica 
300 |a  142 hojas : ilustraciones.  
500 |a  Proyecto de graduación (licenciatura en ingeniería civil)--Universidad de Costa Rica. Facultad de Ingeniería. Escuela de Ingeniería Civil 
650 |x CONTROL DE CALIDAD   |x VIVIENDAS - COSTA RICA  |9 11213 
942 |c TFG  |2 ddc 
999 |c 19586  |d 19586